| 000 | 01279nam a22002537a 4500 | ||
|---|---|---|---|
| 005 | 20170124103126.0 | ||
| 010 | _aB-058257 | ||
| 020 |
_c00.00 _a817124200 |
||
| 035 | _aB-058257 | ||
| 037 | _bCen Lib/Ret | ||
| 040 |
_aDPL _bHN |
||
| 082 |
_a328.1 _bश्रीवास्त |
||
| 100 |
_aश्रीवास्तव, ललिततेश्वर प्रसाद _983269 |
||
| 245 |
_aसंसद और संवाददाता : _cललिततेश्वर प्रसाद श्रीवास्तव _bसंसदीय रिपोर्टिंग / |
||
| 246 |
_aSansad aur sanvaddata : sansadeey reporting / _bby Laliteshwar Prasad Shrivastava |
||
| 260 |
_bविश्वविद्यालय प्रकाशन _aवाराणसी _c2000 |
||
| 270 |
_bवाराणसी _aचौक _e221001 |
||
| 300 |
_a108पृ. _c20सेमी(सजिल्द) |
||
| 650 |
_aसंसदीय कार्यप्रणाली -- भारत _983270 |
||
| 650 |
_aसंसदीय समितियाँ -- भारत _91283 |
||
| 650 |
_aParliamentary procedure - India _983271 |
||
| 650 |
_aParliamentary Committees - India _983272 |
||
| 942 |
_2ddc _cHN _h328.1 _mश्रीवास्त |
||
| 999 |
_c119083 _d119083 |
||